000 00812nam a2200253Ia 4500
003 OSt
005 20221005104351.0
006 a|||||r|||| 00| 0
007 ta
008 221004b |||||||| |||| 00| 0 hin d
020 _a9788188939220 (hbk)
_c350
024 _a106076
037 _b12954, 18/03/2011, Kitab Ghar
_cTextual
040 _aCRL
_cCRL
_bhin
041 _2hin
_ahin
082 _aU8.1, 152P8
100 _aमिश्र, रामदरश
245 0 _aघर से घर तक
246 _aGhar se ghar taka
260 _aदिल्ली
_bबिमला बुक्स भारत
_c2008
300 _a247पृ0
_ccm.
942 _hU8.1, 152P8
_cTEXL
_2cc
999 _c1012479
_d1012479